Normal view
MARC view
Entry Topical Term
001 - CONTROL NUMBER
- control field: 7002
003 - CONTROL NUMBER IDENTIFIER
- control field: ARRUPE
005 - DATE AND TIME OF LATEST TRANSACTION
- control field: 20140123112155.0
008 - FIXED-LENGTH DATA ELEMENTS
- fixed length control field: 140123|| aca||aabn | a|a d
040 ## - CATALOGING SOURCE
- Original cataloging agency: ARRUPE
- Transcribing agency: ARRUPE
150 ## - HEADING--TOPICAL TERM
- Topical term or geographic name as entry element: Male friendship - Fiction
670 ## - SOURCE DATA FOUND
- Source citation: Work cat.: (ARRUPE): Jacobson, Howard 7001, The Finkler question, 2011